000 00908nam a2200289 a 4500
003 AR-BaBNM
005 20251128203636.0
008 082120s2002 ||||||||||||||000 | spa||
040 _cAR-BaBNM
100 1 _aZúñiga, Leonel
245 0 0 _aDecisiones cruciales en la evaluación de programas de alfabetización y educación de adultos
250 _a5ª ed.
260 _aMéxico, D.F.
_bCrefal
_c1986
300 _a90 p.
_bgráfs.
490 0 _aCapacitación de planificadores de alfabetización y educación de adultos
_vv. 4
500 _aGlosario p. 78-82
504 _aBibliografía p. 83-90
650 4 _aEDUCACION DE ADULTOS
650 4 _aANALFABETISMO
650 4 _aEVALUACION DEL PROGRAMA
650 4 _aACTIVIDADES DE APRENDIZAJE
650 4 _aCRITERIOS DE EVALUACION
651 4 _aAmérica Latina
653 _aPROCESO DE ENSEÑANZA-APRENDIZAJE
942 _cBK
998 _cCarmen
999 _c4295
_d4295